| 000 | 00806nam a2200241Ia 4500 | ||
|---|---|---|---|
| 008 | 191130s1996##################000#0#eng## | ||
| 020 | _a0198291949 | ||
| 022 | _a96222615 | ||
| 040 |
_aACL _cACL |
||
| 082 | _a327.174 NUC | ||
| 245 |
_aNuclear weapons after the comprehensive test ban : implications for modernization and proliferation _cedited by Eric Arnett |
||
| 260 |
_aOxford _bOxford University Press, SIPRI _c1996 |
||
| 300 | _ax, 150 p. ; 24 cm | ||
| 500 | _aIncludes bibliographical references and index | ||
| 650 | _aNuclear arms control | ||
| 650 | _aNuclear nonproliferation | ||
| 650 | _aNuclear weapons - Government policy | ||
| 650 | _aNuclear weapons - Testing | ||
| 700 | _aArnett, Eric H | ||
| 990 | _a25ea94c5ac10000c52d29c0c51dcb328 | ||
| 991 | _a21834 | ||
| 999 |
_c24198 _d24198 |
||